000 00364nam a2200157Ia 4500
005 20250425161522.0
008 250425s9999 xx 000 0 und d
041 _aspa
082 _aIBM4381
245 0 _aPROSPECTO DE LA ESCUELA POLITECNICA NACIONAL
250 _aS.E.
260 _aS.L.
260 _aSin Pais
_bESPN
_c1963
942 _c01
010 _a22080
999 _c210821
_d210821